000 00321nam a22001337a 4500
008 170823b xxu||||| |||| 00| 0 eng d
020 _a9780155057852
041 _aeng
080 _a51
100 _a38
101 _aMAT
245 _aCALCULUS FOR MANAGMENT LIFE AND SOCIAL SCIENCES
_cKOLMAN.B
942 _2udc
_cBK
999 _c24639
_d24639